South Asian Geography By Letter - C - Statistics

General Stats
  • This quiz has been taken 301 times
    216 since last reset
  • The average score is 10 of 16
Answer Stats
Hint Answer % Correct
Former name of Kolkata Calcutta
96%
Most sacred animal in Hinduism Cow
93%
Colonial name of Sri Lanka Ceylon
92%
Country that claims a major part of India's Arunachal Pradesh China
91%
Most popular sport in South Asia Cricket
90%
Most populous city of Sri Lanka Colombo
87%
Formerly known as Madras Chennai
80%
One of the two objects that appearon the Pakistani flag Crescent
80%
Anglicised name of Kashmir Cashmere
69%
Busiest port on the Bay of Bengal Chittagong
55%
Ruling party of Nepal Communist Party
51%
Bangladesh city with the world'slongest natural beach {Cox}'s Bazar
42%
Union territory that is considered thecapital of Punjab and Haryana Chandigarh
34%
English name of the city of Kochi Cochin
31%
Landlocked Indian state whose namemeans "Thirty-Six Forts" Chhattisgarh
26%
Tamil Nadu's second city.Also called Kovai Coimbatore
25%
No matching quizzes found
Score Distribution
Percent of People with Each Score
Percentile by Number Answered
Your Score History
You have not taken this quiz since the last reset